La force et le droit (Record no. 24184)
[ view plain ]
| 000 -LEADER | |
|---|---|
| campo de control de longitud fija | 00443nam a2200157 i 4500 |
| 001 - NÚMERO DE CONTROL | |
| campo de control | 24184 |
| 003 - IDENTIFICADOR DE NÚMERO DE CONTROL | |
| campo de control | ES-MaACL |
| 005 - FECHA Y HORA DE LA ÚLTIMA TRANSACCIÓN | |
| campo de control | 20230906153014.0 |
| 007 - CAMPO FIJO DE DESCRIPCIÓN FÍSICA--INFORMACIÓN GENERAL | |
| campo de control de longitud fija | t| |
| 008 - DATOS DE LONGITUD FIJA--INFORMACIÓN GENERAL | |
| campo de control de longitud fija | 021216s1917 fr ||||1| fre d |
| 100 1# - ENTRADA PRINCIPAL--NOMBRE DE PERSONA | |
| Nombre de persona | Anthony, R. |
| 9 (RLIN) | 21890 |
| 245 13 - MENCIÓN DEL TÍTULO | |
| Título | La force et le droit |
| Resto del título | : le prétendu droit biologique / |
| Mención de responsabilidad, etc. | par R. Anthony. |
| 260 ## - PUBLICACIÓN, DISTRIBUCIÓN, ETC. | |
| Lugar de publicación, distribución, etc. | París : |
| Nombre del editor, distribuidor, etc. | Félix Alcan, |
| Fecha de publicación, distribución, etc. | 1917 ( |
| Fabricante | Jouve) |
| 300 ## - DESCRIPCIÓN FÍSICA | |
| Extensión | 194 p. ; |
| Dimensiones | 19 cm. |
| 852 ## - LOCALIZACIÓN | |
| Ubicación | ES-MaACL |
| Número de control de estantería | F-12123 |
| Estatus retirado | Estado de pérdida | Estado de daño | No para préstamo | Biblioteca de origen | Biblioteca actual | Ubicación en estantería | Fecha de adquisición | Fuente de adquisición | Total de préstamos | Signatura topográfica completa | Código de barras | Visto por última vez | Precio de reemplazo | Tipo de ítem Koha |
|---|---|---|---|---|---|---|---|---|---|---|---|---|---|---|
| Biblioteca del Ateneo de Madrid | Biblioteca del Ateneo de Madrid | Sala Pecera Planta 2 | 17/01/2008 | F-12123 | 1024933 | 23/02/2023 | 23/02/2023 | Libro impreso |
